Statystyki dla Dziwne flagi

Kliknij tutaj aby rozwiązać quiz!

Ogólne statystyki

  • Ten quiz został rozwiązany 906 razy
    (737 od ostatniego zresetowania)
  • Średni wynik to 5 z 12

Statystyki odpowiedzi

Odpowiedź% Poprawnych
Berlin
96%
Moskwa
68%
Dublin
56%
Manila
53%
Wiedeń
47%
Seul
46%
Hawana
32%
Nuuk
26%
Casablanca
24%
Lille
23%
Georgetown
15%
Iwano-Frankiwsk
8%

Rozkład punktacji

Percentyl według liczby udzielonych odpowiedzi

Procent ludzi z każdym wynikiem

Twoja historia wyników

Nie rozwiązałeś tego quizu od ostatniego zresetowania